书目信息 |
| 题名: |
基于组合式信号源的块结构模型辨识方法
|
|
| 作者: | 贾立 著 | |
| 分册: | ||
| 出版信息: | 北京 科学出版社 2016.11 |
|
| 页数: | 10,171页 | |
| 开本: | 24cm | |
| 丛书名: | 智能科学技术著作丛书 | |
| 单 册: | ||
| 中图分类: | N945.12 | |
| 科图分类: | ||
| 主题词: | 结构模型(系统工程)--辨识 | |
| 电子资源: | ||
| ISBN: | 978-7-03-050377-0 | |
| 000 | 01125nam 2200265 450 | |
| 001 | 0400002407 | |
| 005 | 20171021093407.0 | |
| 010 | @a978-7-03-050377-0@dCNY68.00 | |
| 100 | @a20170215e2016 em y0chiy50 ea | |
| 101 | 0 | @achi |
| 102 | @aCN@b110000 | |
| 105 | @ay az 000yy | |
| 106 | @ar | |
| 200 | 1 | @a基于组合式信号源的块结构模型辨识方法@9ji yu zu he shi xin hao yuan de kuai jie gou mo xing bian shi fang fa@f贾立著 |
| 210 | @a北京@c科学出版社@d2016.11 | |
| 215 | @a10,171页@d24cm | |
| 225 | 2 | @a智能科学技术著作丛书@f涂序彦主编 |
| 320 | @a有书目 | |
| 330 | @a本书从块结构模型中间变量不可测量的角度出发,分析块结构模型各串联模块在不同激励信号作用下的特性,系统地提出复杂工业过程块结构非线性动态模型描述和辨识的新方法,主要包括采用神经模型模糊技术的串联模块建模方法、全新智能分离算法和模块参数辨识算法、利用补偿技术的块结构非线性动态系统过程噪声建模方法等,并利用随机过程理论分析和比较所提方法的性能。 | |
| 461 | 0 | @12001 @a智能科学技术著作丛书 |
| 606 | 0 | @a结构模型(系统工程)@x辨识 |
| 690 | @aN945.12@v5 | |
| 701 | 0 | @a贾立@9jia li@4著 |
| 801 | 0 | @aCN@b91MARC@c20171021 |
| 905 | @b1022109-13@dN945.12@f5@e55 | |
| 基于组合式信号源的块结构模型辨识方法/贾立著.-北京:科学出版社,2016.11 |
| 10,171页;24cm.-(智能科学技术著作丛书/涂序彦主编) |
| ISBN 978-7-03-050377-0:CNY68.00 |
| 本书从块结构模型中间变量不可测量的角度出发,分析块结构模型各串联模块在不同激励信号作用下的特性,系统地提出复杂工业过程块结构非线性动态模型描述和辨识的新方法,主要包括采用神经模型模糊技术的串联模块建模方法、全新智能分离算法和模块参数辨识算法、利用补偿技术的块结构非线性动态系统过程噪声建模方法等,并利用随机过程理论分析和比较所提方法的性能。 |
| ● |
| 相关链接 |
|
|
|
|
正题名:基于组合式信号源的块结构模型辨识方法
索取号:N945.12/55
 
预约/预借
| 序号 | 登录号 | 条形码 | 馆藏地/架位号 | 状态 | 备注 |
| 1 | 1022109 | 210221099 | 第二样本阅览室/ [索取号:N945.12/55] | 在馆 | |
| 2 | 1022110 | 210221106 | 密集书库-物理学院/ [索取号:N945.12/55] | 在馆 | |
| 3 | 1022111 | 210221115 | 第三借阅区/ [索取号:N945.12/55] | 在馆 | |
| 4 | 1022112 | 210221124 | 第三借阅区/ [索取号:N945.12/55] | 在馆 | |
| 5 | 1022113 | 210221133 | 第三借阅区/ [索取号:N945.12/55] | 在馆 |